| 000 | 02406cam a22006134i 4500 | ||
|---|---|---|---|
| 003 | PE-LiUPU | ||
| 005 | 20250731170357.0 | ||
| 008 | 150617s1988 pe r 000 0 spa d | ||
| 035 | _a(Sirsi) a10575 | ||
| 040 |
_aPE-LiUPU _bspa _cPE-LiUPU _dPE-LiUPU _erda |
||
| 049 | _aPRUA | ||
| 082 | 0 | 4 |
_a160 _bT79 _221 |
| 100 | 1 |
_aTrelles Montero, Oscar, _eautor. |
|
| 245 | 1 | 0 |
_aIntroducción a la lógica / _cOscar Trelles Montero. |
| 264 | 1 |
_aLima : _bPontificia Universidad Católica del Perú, _c1988. |
|
| 300 |
_a261 páginas ; _c27 centímetros |
||
| 336 |
_atext _2rdacontent |
||
| 337 |
_aunmediated _2rdamedia |
||
| 338 |
_avolume _2rdacarrier |
||
| 505 | 0 | _aLógica proposicional. Aspéctos semánticos -- Simbolización y aplicaciones -- Consecuencia semántica -- Lógica cuantificacional: Introducción -- Simbolización -- Inferencias clásicas -- Sistema de deducción natural proposicional -- Lógica cuantificacional (LC). El método DN -- Sistema de diagramas sistemáticos.SDS. | |
| 526 | _aSEG68 | ||
| 526 | _aSEG70 | ||
| 526 | _aSEG69 | ||
| 526 | _aSEG67 | ||
| 526 | _aSEG43 | ||
| 526 | _aP144 | ||
| 526 | _aP143 | ||
| 526 | _aP131 | ||
| 526 | _aP122 | ||
| 526 | _aP120 | ||
| 526 | _aP117 | ||
| 526 | _aP112 | ||
| 526 | _aP110 | ||
| 526 | _aP106 | ||
| 526 | _aP101 | ||
| 526 | _aP80 | ||
| 526 | _aP59 | ||
| 526 | _aP54 | ||
| 526 | _aP35 | ||
| 526 | _aP33 | ||
| 526 | _aP30 | ||
| 650 | 0 | 4 | _aLógica |
| 700 | 1 | _aDiogenes Rosales Papa. | |
| 910 |
_ajck _bjvq _cjck _d20150616 |
||
| 942 |
_2ddc _cBOOK |
||
| 949 |
_a160 T79 _wDEWEY _c1 _i36269 _lCCODEBUL1 _mBUL _p00.00 _r0 _sY _tBOOK _u19890519 _xBIBLIOTECA _zUNKNOWN _0COMPRA _o.STAFF. Colección Ciencias de la Salud |
||
| 949 |
_a160 T79 _wDEWEY _c2 _i30399 _lCCODEBUL1 _mBUL _p00.00 _r0 _sY _tBOOK _u19890519 _xBIBLIOTECA _zUNKNOWN _0COMPRA _o.STAFF. Colección Ciencias de la Salud |
||
| 994 |
_aC0 _bPEPRU |
||
| 596 | _a1 | ||
| 999 |
_a160 T79 _wDEWEY _c637 _i36269 _d637 _e2015-8-11 _f2021-11-3 _g5 _lCCODEBUL1 _mBUL _n1 _p15.00 _r0 _sY _tBOOK _u2015-6-17 _xSALUD _zUNKNOWN _0COMPRA _o.STAFF. Colección Ciencias de la Salud |
||
| 999 |
_a160 T79 _wDEWEY _c2 _i30399 _d2018-3-6 _f2021-11-3 _g5 _lCCODEBUL1 _mBUL _p15.00 _q1 _r0 _sY _tBOOK _u2015-6-17 _xSALUD _zUNKNOWN _0COMPRA _o.STAFF. Colección Ciencias de la Salud |
||
| 980 |
_81 _gALBERTO SANCHEZ Responsable de Automatización |
||